Sobre gimnástica escolar elemental é higiénica (Record no. 183897)

MARC details
000 -LEADER
campo de control de longitud fija 00606nam a2200157 i 4500
001 - NÚMERO DE CONTROL
campo de control 183897
003 - IDENTIFICADOR DE NÚMERO DE CONTROL
campo de control ES-MaACL
005 - FECHA Y HORA DE LA ÚLTIMA TRANSACCIÓN
campo de control 20230906222010.0
008 - DATOS DE LONGITUD FIJA--INFORMACIÓN GENERAL
campo de control de longitud fija 141119s1901 sp |||| | spa d
100 1# - ENTRADA PRINCIPAL--NOMBRE DE PERSONA
Nombre de persona Utor Sotomayor, Eduardo.
9 (RLIN) 155933
245 10 - MENCIÓN DEL TÍTULO
Título Sobre gimnástica escolar elemental é higiénica
Resto del título : memoria leída... en la Universidad Central para optar al grado de doctor en medicina... /
Mención de responsabilidad, etc. por Eduardo Utor Sotomayor.
260 ## - PUBLICACIÓN, DISTRIBUCIÓN, ETC.
Lugar de publicación, distribución, etc. Algeciras :
Nombre del editor, distribuidor, etc. [s.n.],
Fecha de publicación, distribución, etc. 1901 (
Fabricante Est. tip. de "El Porvenir")
300 ## - DESCRIPCIÓN FÍSICA
Extensión 41 p. ;
Dimensiones 25 cm.
650 #4 - PUNTO DE ACCESO ADICIONAL DE MATERIA--TÉRMINO DE MATERIA
Término de materia o nombre geográfico como elemento de entrada Eduación física.
9 (RLIN) 12071
852 ## - LOCALIZACIÓN
Ubicación ES-MaACL
Número de control de estantería T-1009-F-6
Holdings
Estatus retirado Estado de pérdida Estado de daño No para préstamo Colección Biblioteca de origen Biblioteca actual Ubicación en estantería Fecha de adquisición Fuente de adquisición Total de préstamos Signatura topográfica completa Código de barras Visto por última vez Precio de reemplazo Tipo de ítem Koha
        Colección de folletos Biblioteca del Ateneo de Madrid Biblioteca del Ateneo de Madrid Depósito folletos 19/11/2014     T-1009-F-6 1193370 23/02/2023 23/02/2023 Folleto